[Event "IECG QM.2005.0.00087 email"]
[Site "IECG email"]
[Date "2005.07.21"]
[Round "?"]
[White "Suhorukow, Anatoliy"]
[Black "Luise, Massimo"]
[Result "1/2-1/2"]
[WhiteElo "2270"]
[BlackElo "2237"]
[PlyCount "69"]
[EventDate "2005.07.21"]
[EventType "tourn (corr)"]
[EventRounds "6"]
[SourceTitle "Corr 2008"]
[Source "ChessBase"]
[SourceDate "2008.06.24"]
[SourceVersion "1"]
[SourceVersionDate "2008.06.24"]
[SourceQuality "1"]

1. e4 e6 2. d4 d5 3. Nd2 dxe4 4. Nxe4 Bd7 5. Bd3 Bc6 6. Nf3 Nd7 7. 0-0 Ngf6 8. Neg5 Be7 9. Qe2 h6 10. Nxe6 fxe6 11. Bg6+ Kf8 12. c4 Nb6 13. d5 Be8 14. Nd4 Qd7 15. Nxe6+ Kg8 16. Bf5 g6 17. Bh3 Rh7 18. Ng5 Qd6 19. Be6+ Kh8 20. Nxh7 Kxh7 21. Be3 Qe5 22. Rad1 Na4 23. Rd2 Bc5 24. Qf3 Bxe3 25. fxe3 Ne4 26. Rd4 Nd6 27. Rh4 h5 28. b4 Nc3 29. g4 g5 30. Rh3 h4 31. c5 Nde4 32. Qf8 Qg7 33. Rhf3 Nd2 34. Bg8+ Kh8 35. Be6+ 1/2-1/2

[Event "IECG QM.2005.0.00087 email"]
[Site "IECG email"]
[Date "2005.07.21"]
[Round "?"]
[White "Suhorukow, Anatoliy"]
[Black "Vidalina, Franjo"]
[Result "0-1"]
[WhiteElo "2270"]
[BlackElo "2327"]
[PlyCount "63"]
[EventDate "2005.07.21"]
[EventType "tourn (corr)"]
[EventRounds "6"]
[SourceTitle "Corr 2008"]
[Source "ChessBase"]
[SourceDate "2008.06.24"]
[SourceVersion "1"]
[SourceVersionDate "2008.06.24"]
[SourceQuality "1"]

1. e4 c5 2. Nf3 Nc6 3. Nc3 Nf6 4. e5 Ng4 5. Qe2 f6 6. exf6 Nxf6 7. d4 cxd4 8. Nb5 e6 9. Nbxd4 Be7 10. Be3 0-0 11. 0-0-0 d5 12. Kb1 Qd6 13. Nb5 Qb8 14. Bg5 a6 15. Nbd4 e5 16. Nxc6 bxc6 17. Qxe5 Bd6 18. Qe3 Ne4 19. Bh4 Bg4 20. Bg3 Bxg3 21. fxg3 Re8 22. Rg1 Qb4 23. a3 Qb7 24. Ka1 Nxg3 25. Qg5 Rab8 26. Rb1 Bxf3 27. Qxg3 Be4 28. Bd3 Qb6 29. Rge1 Bxd3 30. Rxe8+ Rxe8 31. Qxd3 Qf2 32. Qc3 0-1

[Event "CFriend AR-2004-F-00003 email"]
[Site "Chessfriend.com"]
[Date "2005.07.08"]
[Round "1"]
[White "Benko, Bostjan"]
[Black "Suhorukow, Anatoliy"]
[Result "1-0"]
[WhiteElo "2225"]
[BlackElo "2279"]
[PlyCount "67"]
[EventDate "2005.??.??"]
[EventType "tourn (corr)"]
[EventRounds "6"]
[SourceTitle "Corr 2024"]
[Source "ChessBase"]
[SourceDate "2023.10.19"]
[SourceVersion "1"]
[SourceVersionDate "2023.10.19"]
[SourceQuality "1"]

1. e4 d6 2. d4 Nf6 3. Nc3 g6 4. f4 Bg7 5. Nf3 0-0 6. e5 Nfd7 7. h4 c5 8. h5 cxd4 9. Qxd4 dxe5 10. Qf2 e4 11. Nxe4 Qa5+ 12. Bd2 Qb6 13. Qh4 g5 14. fxg5 Qxb2 15. Rd1 Ne5 16. g6 Nxf3+ 17. gxf3 Bf5 18. gxf7+ Kh8 19. h6 Be5 20. f4 Bd4 21. c3 Qc2 22. Bg2 Bxe4 23. Qxe7 Nc6 24. Qxe4 Qxe4+ 25. Bxe4 Bf6 26. Bd5 Nd8 27. c4 Nxf7 28. Kf2 Rad8 29. Bxb7 Nd6 30. Bd5 Rfe8 31. Kf3 Rc8 32. Rhe1 Nf5 33. Rxe8+ Rxe8 34. c5 1-0

[Event "CFriend AR-2004-F-00003 email"]
[Site "Chessfriend.com"]
[Date "2005.07.08"]
[Round "1"]
[White "Hallengren, Boris"]
[Black "Suhorukow, Anatoliy"]
[Result "0-1"]
[WhiteElo "2114"]
[BlackElo "2279"]
[PlyCount "104"]
[EventDate "2005.??.??"]
[EventType "tourn (corr)"]
[EventRounds "6"]
[SourceTitle "Corr 2008"]
[Source "ChessBase"]
[SourceDate "2008.06.24"]
[SourceVersion "1"]
[SourceVersionDate "2008.06.24"]
[SourceQuality "1"]

1. e4 d6 2. d4 Nf6 3. Nc3 g6 4. f4 Bg7 5. Nf3 0-0 6. Bd3 c5 7. dxc5 dxc5 8. 0-0 Nc6 9. e5 Nd5 10. Nxd5 Qxd5 11. Qe2 Bg4 12. c3 Rad8 13. Be4 Qd7 14. Be3 b6 15. Rad1 Qc7 16. b4 cxb4 17. cxb4 Rxd1 18. Rxd1 Nd8 19. a3 f6 20. Rc1 Qd7 21. Qc4+ Kh8 22. Qc7 Qa4 23. Qxe7 Ne6 24. Bd5 Qxa3 25. Kf2 Qb2+ 26. Kf1 fxe5 27. Bxe6 Bxf3 28. gxf3 exf4 29. Bxf4 h6 30. Qd6 a5 31. bxa5 bxa5 32. Bd5 a4 33. Qxg6 Qb5+ 34. Bc4 Qf5 35. Qxf5 Rxf5 36. Bd6 Bb2 37. Rc2 Rxf3+ 38. Ke2 Rf6 39. Be7 Rb6 40. Bc5 Rb8 41. Ba2 a3 42. Kd3 Rd8+ 43. Ke4 Rd1 44. Be3 Re1 45. h4 h5 46. Kd3 Bf6 47. Bf2 Re8 48. Rc5 Rb8 49. Rxh5+ Kg7 50. Rc5 Rb2 51. Rc2 Rxc2 52. Kxc2 Kg6 0-1

[Event "CFriend AK-2005-A-00006 email"]
[Site "Chessfriend.com"]
[Date "2005.04.25"]
[Round "1"]
[White "Suhorukow, Anatoliy"]
[Black "Kuhne, Detlev"]
[Result "1/2-1/2"]
[WhiteElo "2279"]
[BlackElo "2409"]
[PlyCount "85"]
[EventDate "2005.??.??"]
[EventType "tourn (corr)"]
[EventRounds "6"]
[SourceTitle "Corr 2024"]
[Source "ChessBase"]
[SourceDate "2023.10.19"]
[SourceVersion "1"]
[SourceVersionDate "2023.10.19"]
[SourceQuality "1"]

1. e4 e5 2. Nf3 Nc6 3. Bb5 a6 4. Ba4 Nf6 5. 0-0 Be7 6. Re1 b5 7. Bb3 d6 8. c3 0-0 9. h3 Na5 10. Bc2 c5 11. d4 Nc6 12. d5 Na5 13. Nbd2 g6 14. Nf1 Nh5 15. Bh6 Re8 16. b4 cxb4 17. cxb4 Nc4 18. Bb3 Bd7 19. Bxc4 bxc4 20. Ne3 Rb8 21. a3 a5 22. bxa5 Qxa5 23. Nxc4 Qa6 24. Ne3 Bf8 25. Bxf8 Rxf8 26. Nc2 Nf4 27. Nb4 Qb5 28. Qd2 Rbc8 29. Nd4 Nxh3+ 30. gxh3 exd4 31. Qxd4 Rc4 32. Qf6 Re8 33. f3 Qc5+ 34. Kg2 Rc3 35. Re2 Ra8 36. h4 Raxa3 37. Rxa3 Rxa3 38. h5 Qc3 39. Qxc3 Rxc3 40. h6 f5 41. Ra2 fxe4 42. fxe4 Bg4 43. Ra8+ 1/2-1/2

[Event "CFriend AH-2004-0-00009 email"]
[Site "Chessfriend.com"]
[Date "2005.04.11"]
[Round "1"]
[White "Cornel, Matei"]
[Black "Suhorukow, Anatoliy"]
[Result "1/2-1/2"]
[WhiteElo "2299"]
[BlackElo "2279"]
[PlyCount "123"]
[EventDate "2005.??.??"]
[EventType "tourn (corr)"]
[EventRounds "6"]
[SourceTitle "Corr 2024"]
[Source "ChessBase"]
[SourceDate "2023.10.19"]
[SourceVersion "1"]
[SourceVersionDate "2023.10.19"]
[SourceQuality "1"]

1. e4 d6 2. d4 g6 3. c4 Bg7 4. Nc3 Nd7 5. Nf3 e5 6. Be2 exd4 7. Nxd4 Nc5 8. 0-0 Ne7 9. Bg5 h6 10. Be3 0-0 11. Qc1 Kh7 12. Rd1 Bd7 13. f4 Qc8 14. Bf3 Re8 15. Qd2 Bg4 16. Bxg4 Qxg4 17. Ndb5 Ne6 18. Nxa7 c6 19. Qf2 Bxc3 20. bxc3 Nc5 21. Bxc5 dxc5 22. Qxc5 b6 23. Qxb6 Reb8 24. Qf2 Rb7 25. Nxc6 Nxc6 26. Rd6 Rab8 27. h3 Qc8 28. Rad1 Na5 29. c5 Rb2 30. Qd4 Nb7 31. Rd7 Kg8 32. f5 Qxc5 33. fxg6 Qxd4+ 34. cxd4 fxg6 35. Rc1 Nd8 36. d5 R2b7 37. Rxb7 Rxb7 38. Rc8 Rd7 39. a4 Kf7 40. Kf2 Ke7 41. Ra8 Nf7 42. a5 Rb7 43. a6 Rb2+ 44. Ke3 Ra2 45. a7 Ra5 46. Ke2 h5 47. h4 Ra3 48. Kd1 Ra2 49. Kc1 Kd6 50. Kb1 Ra6 51. Kc2 Ra1 52. Kb3 Ra6 53. e5+ Kxd5 54. e6 Kxe6 55. Re8+ Kf5 56. a8Q Rxa8 57. Rxa8 Kg4 58. Ra6 Kxh4 59. Rxg6 Ne5 60. Rg8 Ng4 61. Kc3 Kg3 62. Rg5 1/2-1/2

[Event "CFriend AH-2004-0-00009 email"]
[Site "Chessfriend.com"]
[Date "2005.04.11"]
[Round "1"]
[White "Suhorukow, Anatoliy"]
[Black "Mueller Alves, Martin"]
[Result "0-1"]
[WhiteElo "2279"]
[BlackElo "2194"]
[PlyCount "102"]
[EventDate "2005.??.??"]
[EventType "tourn (corr)"]
[EventRounds "6"]
[SourceTitle "Corr 2008"]
[Source "ChessBase"]
[SourceDate "2008.06.24"]
[SourceVersion "1"]
[SourceVersionDate "2008.06.24"]
[SourceQuality "1"]

1. e4 c5 2. Nf3 d6 3. d4 cxd4 4. Nxd4 Nf6 5. Nc3 a6 6. Be3 e6 7. Be2 Be7 8. 0-0 0-0 9. f4 Qc7 10. Qe1 b5 11. a3 Bb7 12. Bf3 Nbd7 13. Rd1 Rfe8 14. Bc1 Rad8 15. g4 Nb6 16. g5 Nfd7 17. f5 exf5 18. Qf2 Ne5 19. exf5 Nxf3+ 20. Nxf3 Qc6 21. Qg3 Qc5+ 22. Nd4 Rc8 23. f6 Bf8 24. h4 g6 25. h5 gxh5 26. Qh4 Nc4 27. Qxh5 Ne3 28. Bxe3 Rxe3 29. Qh4 Rce8 30. Rf4 R8e5 31. Kf2 a5 32. Rd2 b4 33. axb4 Qxb4 34. Qg4 Qxb2 35. Nd1 Qc1 36. Nxe3 Qxd2+ 37. Qe2 Qxe2+ 38. Kxe2 Rxg5 39. Ndf5 h5 40. Ra4 Kh7 41. Rxa5 Bc8 42. Ra8 Bxf5 43. Rxf8 Be6 44. Rb8 h4 45. Kf2 h3 46. Rb4 Kg6 47. Rh4 Ra5 48. Rd4 Ra1 49. Nf1 d5 50. Nh2 Rc1 51. Rd2 Bf5 0-1

[Event "CFriend AP-2005-Q-00003 email"]
[Site "Chessfriend.com"]
[Date "2005.02.04"]
[Round "1"]
[White "Oseledchuck, Sergey"]
[Black "Suhorukow, Anatoliy"]
[Result "0-1"]
[WhiteElo "1597"]
[BlackElo "2279"]
[PlyCount "34"]
[EventDate "2005.??.??"]
[EventType "tourn (corr)"]
[EventRounds "12"]
[SourceTitle "Corr 2024"]
[Source "ChessBase"]
[SourceDate "2023.10.19"]
[SourceVersion "1"]
[SourceVersionDate "2023.10.19"]
[SourceQuality "1"]

1. d4 d6 2. c4 e5 3. Nc3 exd4 4. Qxd4 Nc6 5. Qd1 g6 6. Nf3 Bg7 7. Nd5 Nge7 8. e4 0-0 9. Be2 f5 10. Qc2 fxe4 11. Qxe4 Bf5 12. Qh4 Nxd5 13. cxd5 Nd4 14. Qxd8 Nc2+ 15. Kf1 Raxd8 16. Bg5 Nxa1 17. Bxd8 Rxd8 0-1

[Event "CFriend AP-2005-Q-00003 email"]
[Site "Chessfriend.com"]
[Date "2005.02.04"]
[Round "1"]
[White "Suhorukow, Anatoliy"]
[Black "Sanjur, Crescencio"]
[Result "1-0"]
[WhiteElo "2279"]
[BlackElo "1861"]
[PlyCount "87"]
[EventDate "2005.??.??"]
[EventType "tourn (corr)"]
[EventRounds "12"]
[SourceTitle "Corr 2024"]
[Source "ChessBase"]
[SourceDate "2023.10.19"]
[SourceVersion "1"]
[SourceVersionDate "2023.10.19"]
[SourceQuality "1"]

1. e4 e6 2. d4 d5 3. Nc3 dxe4 4. Nxe4 Be7 5. Bd3 Nf6 6. Nxf6+ Bxf6 7. c3 Nc6 8. Nf3 0-0 9. 0-0 Qe8 10. Qe2 Qe7 11. Bf4 g6 12. Rfe1 Rd8 13. Rad1 a6 14. Be4 Na7 15. c4 h5 16. Ne5 Qb4 17. a3 Qf8 18. Qf3 Bd7 19. Bxb7 Rab8 20. b3 Bg7 21. c5 Be8 22. Bxa6 Nb5 23. Bxb5 Rxb5 24. b4 Rd5 25. Qb3 g5 26. Be3 Rb8 27. f4 f6 28. Nd3 Ra8 29. b5 Bd7 30. Rf1 Qd8 31. a4 g4 32. f5 Kh7 33. fxe6 Bxe6 34. Nf4 Bf7 35. Nxd5 Bxd5 36. Qc2+ Kg8 37. Ra1 h4 38. Qg6 g3 39. Bh6 gxh2+ 40. Kxh2 Qf8 41. Bxg7 Qxg7 42. Rxf6 Qxg6 43. Rxg6+ Kh7 44. Rg4 1-0

[Event "CFriend AP-2005-Q-00003 email"]
[Site "Chessfriend.com"]
[Date "2005.02.04"]
[Round "1"]
[White "Taffijn, Aad"]
[Black "Suhorukow, Anatoliy"]
[Result "0-1"]
[WhiteElo "1601"]
[BlackElo "2279"]
[PlyCount "66"]
[EventDate "2005.??.??"]
[EventType "tourn (corr)"]
[EventRounds "12"]
[SourceTitle "Corr 2024"]
[Source "ChessBase"]
[SourceDate "2023.10.19"]
[SourceVersion "1"]
[SourceVersionDate "2023.10.19"]
[SourceQuality "1"]

1. e4 g6 2. d4 Bg7 3. c4 d6 4. Nc3 Nc6 5. d5 Nd4 6. Nge2 c5 7. Be3 Nxe2 8. Bxe2 Nf6 9. 0-0 0-0 10. f4 a6 11. a3 Bd7 12. e5 Ne8 13. Qd2 Qc7 14. b4 cxb4 15. axb4 dxe5 16. c5 Rd8 17. Rad1 Bf5 18. Bf3 Qb8 19. Rc1 e4 20. Nxe4 Bxe4 21. Bxe4 Nf6 22. Rc4 Nxd5 23. Bxd5 e6 24. Bd4 Rxd5 25. Qc3 Bxd4+ 26. Rxd4 Rfd8 27. Rfd1 Qc8 28. Qe3 Rxd4 29. Rxd4 Rd5 30. Rxd5 exd5 31. Kf2 Qe6 32. Kf3 Kf8 33. Qd4 Ke7 0-1

[Event "CFriend AR-2004-Q-00001 email"]
[Site "Chessfriend.com"]
[Date "2004.12.27"]
[Round "1"]
[White "Morgado, Juan Sebastian"]
[Black "Suhorukow, Anatoliy"]
[Result "1/2-1/2"]
[WhiteElo "2627"]
[BlackElo "1805"]
[PlyCount "98"]
[EventDate "2004.??.??"]
[EventType "tourn (corr)"]
[EventRounds "12"]
[EventCountry "GER"]
[SourceTitle "Corr 2008"]
[Source "ChessBase"]
[SourceDate "2008.06.24"]
[SourceVersion "1"]
[SourceVersionDate "2008.06.24"]
[SourceQuality "1"]

1. e4 d6 2. d4 Nf6 3. Nc3 g6 4. Bg5 Bg7 5. f4 c6 6. Qd2 0-0 7. Nf3 d5 8. Bd3 dxe4 9. Nxe4 Nxe4 10. Bxe4 c5 11. dxc5 Qc7 12. c3 Qxc5 13. Bh4 Nd7 14. Bf2 Qc7 15. 0-0 Nf6 16. Bc2 Ng4 17. Bd4 Bh6 18. Qe2 Bxf4 19. g3 Bd6 20. Rae1 a5 21. Ba4 Bd7 22. Bxd7 Qxd7 23. Qe4 a4 24. Rd1 Ra5 25. c4 Rh5 26. c5 Rxc5 27. Bxc5 Bxc5+ 28. Kg2 Qf5 29. Qxf5 Ne3+ 30. Kh3 gxf5 31. Rc1 Nxf1 32. Rxc5 f6 33. Rxf5 e5 34. Nh4 Ne3 35. Rf3 Nc2 36. Nf5 Rd8 37. Kg4 Rd2 38. h4 Ne1 39. Rc3 Rxb2 40. Nd6 Rc2 41. Ra3 Kf8 42. Rxa4 Ke7 43. Nxb7 Rc7 44. Na5 Ke6 45. Nc4 f5+ 46. Kh5 Nc2 47. Nd2 e4 48. Nxe4 fxe4 49. Rxe4+ Kf5 1/2-1/2

[Event "CFriend AR-2004-Q-00001 email"]
[Site "Chessfriend.com"]
[Date "2004.12.27"]
[Round "1"]
[White "Suhorukow, Anatoliy"]
[Black "Lorentzen, Oystein"]
[Result "0-1"]
[WhiteElo "2279"]
[BlackElo "2383"]
[PlyCount "90"]
[EventDate "2004.??.??"]
[EventType "tourn (corr)"]
[EventRounds "12"]
[EventCountry "GER"]
[SourceTitle "Corr 2024"]
[Source "ChessBase"]
[SourceDate "2023.10.19"]
[SourceVersion "1"]
[SourceVersionDate "2023.10.19"]
[SourceQuality "1"]

1. e4 c5 2. Nf3 d6 3. d4 cxd4 4. Nxd4 Nf6 5. Nc3 a6 6. Bc4 e6 7. Be3 b5 8. Bb3 Be7 9. 0-0 0-0 10. f3 Bd7 11. g4 Nc6 12. g5 Ne8 13. f4 Na5 14. Qh5 b4 15. Nce2 Nxb3 16. axb3 Qc8 17. Ng3 g6 18. Qd1 e5 19. Nf3 exf4 20. Bxf4 Bh3 21. Rf2 a5 22. Qd2 Nc7 23. e5 d5 24. Be3 Qd7 25. Qd4 a4 26. bxa4 Rxa4 27. Rxa4 Qxa4 28. Rd2 Ra8 29. Kf2 Qa6 30. Qh4 Qc8 31. Qd4 Ra5 32. c3 Ne6 33. Qh4 bxc3 34. bxc3 Ng7 35. Qd4 Bf8 36. Rb2 Ne6 37. Qd2 Qa8 38. Ne2 Bg4 39. Nfd4 Nc5 40. Kg2 Qc8 41. Bg1 Bh3+ 42. Kh1 Ra1 43. Nf4 Bf5 44. Ng2 Nd3 45. e6 Be4 0-1

[Event "CFriend AP-2004-Q-00019 email"]
[Site "Chessfriend.com"]
[Date "2004.09.24"]
[Round "?"]
[White "Fuhrwerk, Klaus"]
[Black "Suhorukow, Anatoliy"]
[Result "1/2-1/2"]
[WhiteElo "2400"]
[BlackElo "1805"]
[PlyCount "89"]
[EventDate "2004.??.??"]
[EventType "tourn (corr)"]
[EventRounds "12"]
[SourceTitle "Corr 2008"]
[Source "ChessBase"]
[SourceDate "2008.06.24"]
[SourceVersion "1"]
[SourceVersionDate "2008.06.24"]
[SourceQuality "1"]

1. e4 c5 2. Nf3 e6 3. d4 cxd4 4. Nxd4 Nc6 5. Nc3 Qc7 6. Be3 a6 7. Bd3 Ne5 8. f4 Nc4 9. Bxc4 Qxc4 10. Qd3 Qxd3 11. cxd3 Be7 12. 0-0 Nf6 13. h3 d6 14. Rac1 0-0 15. Rf2 Bd7 16. e5 Ne8 17. Ne4 Rd8 18. Rfc2 dxe5 19. fxe5 f6 20. Bf4 Kf7 21. Nc5 Bc8 22. Ncb3 Bd7 23. Rc4 g5 24. Be3 fxe5 25. Nf3 Bb5 26. Re4 Rd5 27. Nxe5+ Kg8 28. Ng4 Nf6 29. Rxe6 Nxg4 30. Rxe7 Nxe3 31. Rxe3 Bxd3 32. Rc7 b6 33. Re6 Rb8 34. Nd2 Bf5 35. Re2 g4 36. Ne4 Bxe4 37. Rxe4 gxh3 38. Rg4+ Kh8 39. Rh4 Rd1+ 40. Kh2 hxg2 41. Rhxh7+ Kg8 42. Rcg7+ Kf8 43. Kxg2 Rd2+ 44. Kf3 Rbd8 45. Rf7+ 1/2-1/2

[Event "CFriend AP-2004-Q-00019 email"]
[Site "Chessfriend.com"]
[Date "2004.09.24"]
[Round "1"]
[White "Johansson, Mats"]
[Black "Suhorukow, Anatoliy"]
[Result "1-0"]
[WhiteElo "2281"]
[BlackElo "2279"]
[PlyCount "93"]
[EventDate "2004.??.??"]
[EventType "tourn (corr)"]
[EventRounds "12"]
[SourceTitle "Corr 2024"]
[Source "ChessBase"]
[SourceDate "2023.10.19"]
[SourceVersion "1"]
[SourceVersionDate "2023.10.19"]
[SourceQuality "1"]

1. d4 Nf6 2. c4 g6 3. Nc3 Bg7 4. e4 d6 5. Nf3 0-0 6. Be2 Nbd7 7. 0-0 e5 8. Be3 Qe7 9. Qc2 exd4 10. Nxd4 c6 11. Rad1 Re8 12. f3 a5 13. Qd2 Qf8 14. Na4 h6 15. b3 Kh7 16. Rfe1 Nc5 17. Nb6 Ra6 18. Nxc8 Rxc8 19. Nc2 Ne8 20. Bxc5 dxc5 21. f4 Nc7 22. f5 Raa8 23. Qd7 Kg8 24. fxg6 fxg6 25. Bg4 h5 26. Bh3 Be5 27. Be6+ Kh8 28. Rf1 Qh6 29. Qxc8+ Rxc8 30. Bxc8 Qg5 31. Ne1 Bd4+ 32. Kh1 b5 33. Nf3 Qd8 34. Bb7 Qd6 35. h3 Ne6 36. cxb5 cxb5 37. Bd5 Nf4 38. Ng5 Qb8 39. Rf3 Bf6 40. Nf7+ Kg7 41. Rdf1 g5 42. h4 Be7 43. hxg5 Nxd5 44. exd5 c4 45. Re1 Bb4 46. Re6 c3 47. Nh6 1-0

[Event "CFriend AP-2004-Q-00019 email"]
[Site "Chessfriend.com"]
[Date "2004.09.24"]
[Round "1"]
[White "Mantovanelli, Marco"]
[Black "Suhorukow, Anatoliy"]
[Result "1-0"]
[WhiteElo "2328"]
[BlackElo "2279"]
[PlyCount "47"]
[EventDate "2004.??.??"]
[EventType "tourn (corr)"]
[EventRounds "12"]
[SourceTitle "Corr 2024"]
[Source "ChessBase"]
[SourceDate "2023.10.19"]
[SourceVersion "1"]
[SourceVersionDate "2023.10.19"]
[SourceQuality "1"]

1. d4 Nf6 2. c4 g6 3. Nc3 Bg7 4. e4 d6 5. Nf3 0-0 6. Be2 Nbd7 7. 0-0 e5 8. Be3 exd4 9. Nxd4 Re8 10. f3 Nc5 11. Qc2 Nh5 12. Rad1 f5 13. g4 fxg4 14. fxg4 Nf6 15. Bg5 Ncd7 16. c5 h6 17. Bh4 g5 18. Bg3 Ne5 19. cxd6 cxd6 20. Ndb5 Re6 21. Nxd6 Rxd6 22. Bxe5 Rxd1 23. Qxd1 Qxd1 24. Bxd1 1-0

[Event "CFriend AP-2004-Q-00019 email"]
[Site "Chessfriend.com"]
[Date "2004.09.24"]
[Round "1"]
[White "Suhorukow, Anatoliy"]
[Black "Simon, Holger"]
[Result "1-0"]
[WhiteElo "2279"]
[BlackElo "2167"]
[PlyCount "123"]
[EventDate "2004.??.??"]
[EventType "tourn (corr)"]
[EventRounds "12"]
[SourceTitle "Corr 2024"]
[Source "ChessBase"]
[SourceDate "2023.10.19"]
[SourceVersion "1"]
[SourceVersionDate "2023.10.19"]
[SourceQuality "1"]

1. e4 e6 2. d4 d5 3. Nc3 Nf6 4. e5 Nfd7 5. f4 c5 6. Nf3 Nc6 7. Be3 a6 8. a3 cxd4 9. Nxd4 Bc5 10. Qd2 Nxd4 11. Bxd4 Bxd4 12. Qxd4 Qb6 13. Qxb6 Nxb6 14. 0-0-0 Bd7 15. Bd3 Ke7 16. h4 f6 17. Rde1 Raf8 18. Rhf1 h6 19. h5 f5 20. Rh1 g5 21. hxg6 Rfg8 22. Rh3 Rxg6 23. g3 Na4 24. Ne2 Nc5 25. Kd2 Rg7 26. Reh1 Rgh7 27. Ke3 h5 28. b3 Be8 29. a4 a5 30. Nd4 Rg8 31. Nf3 Rg4 32. Ng5 Rg7 33. Kf2 R4xg5 34. fxg5 Rxg5 35. Kf3 Ne4 36. R1h2 b6 37. Be2 Rg4 38. Ke3 Rxg3+ 39. Rxg3 Nxg3 40. Kf4 Nxe2+ 41. Rxe2 Kf8 42. Rh2 Ke7 43. Kg5 Bf7 44. Rh3 Be8 45. Rc3 Kd8 46. Kf6 Bd7 47. Rh3 Kc7 48. Rxh5 Kc6 49. Ke7 Kc7 50. Rh3 Bc8 51. Rc3+ Kb8 52. Kd6 Kb7 53. Rc7+ Kb8 54. Kc6 d4 55. Kxb6 d3 56. cxd3 Ba6 57. Re7 Bb7 58. Re8+ Bc8 59. Rf8 f4 60. Rxf4 Ka8 61. Rf8 Kb8 62. Re8 1-0

[Event "CFriend AP-2004-Q-00019 email"]
[Site "Chessfriend.com"]
[Date "2004.09.24"]
[Round "1"]
[White "Suhorukow, Anatoliy"]
[Black "Sintoro, Ali"]
[Result "1-0"]
[WhiteElo "2279"]
[BlackElo "1889"]
[PlyCount "95"]
[EventDate "2004.??.??"]
[EventType "tourn (corr)"]
[EventRounds "12"]
[SourceTitle "Corr 2024"]
[Source "ChessBase"]
[SourceDate "2023.10.19"]
[SourceVersion "1"]
[SourceVersionDate "2023.10.19"]
[SourceQuality "1"]

1. e4 c5 2. Nf3 d6 3. d4 cxd4 4. Nxd4 Nf6 5. Nc3 a6 6. Bc4 e6 7. Be3 b5 8. Bb3 Bb7 9. f4 b4 10. Na4 Nbd7 11. 0-0 Bxe4 12. f5 e5 13. Ne6 fxe6 14. fxe6 Nc5 15. Nxc5 dxc5 16. Ba4+ Ke7 17. Qe2 Bd5 18. Rad1 Qd6 19. Bb3 c4 20. Bxc4 Qc6 21. Bxd5 Nxd5 22. Qf3 Kxe6 23. Qg4+ Ke7 24. Qe4 Ke6 25. Bd4 Bc5 26. Qxe5+ Kd7 27. Rf5 Bd6 28. Qxd5 Qxd5 29. Rxd5 Ke6 30. Rxd6+ Kxd6 31. Bxg7+ Kc5 32. Bxh8 Rxh8 33. Rd7 h5 34. Rf7 Rc8 35. h3 Kd4 36. Rf4+ Ke3 37. Rxb4 Rxc2 38. Rb6 a5 39. Rb5 a4 40. a3 Kd4 41. Rxh5 Rxb2 42. Rh4+ Ke5 43. Rxa4 Ra2 44. h4 Kf5 45. Kh2 Kg6 46. Kh3 Ra1 47. Kg4 Kh6 48. Ra6+ 1-0

[Event "CFriend AP-2004-Q-00019 email"]
[Site "Chessfriend.com"]
[Date "2004.09.24"]
[Round "1"]
[White "Suhorukow, Anatoliy"]
[Black "Viera, Zulema"]
[Result "1-0"]
[WhiteElo "2279"]
[BlackElo "1993"]
[PlyCount "53"]
[EventDate "2004.??.??"]
[EventType "tourn (corr)"]
[EventRounds "12"]
[SourceTitle "Corr 2024"]
[Source "ChessBase"]
[SourceDate "2023.10.19"]
[SourceVersion "1"]
[SourceVersionDate "2023.10.19"]
[SourceQuality "1"]

1. e4 c5 2. Nf3 d6 3. d4 cxd4 4. Nxd4 Nf6 5. Nc3 a6 6. Bc4 e6 7. Be3 b5 8. Bb3 Bb7 9. f4 Nbd7 10. 0-0 b4 11. Na4 Be7 12. c3 bxc3 13. Nxc3 Qa5 14. Ba4 Nxe4 15. Nxe4 Bxe4 16. Rc1 Rd8 17. Bc6 Bd5 18. Nb3 Qb4 19. Bxd5 exd5 20. Nd4 Nb8 21. Nf5 Bf6 22. Nxd6+ Qxd6 23. Bc5 Qc6 24. Re1+ Kd7 25. Qg4+ Kc7 26. Ba3 g6 27. Qf3 1-0